Auditing after Sarbanes-Oxley : (Record no. 96408)

MARC details
000 -LEADER
fixed length control field 00725nam a2200229 a 4500
008 - FIXED-LENGTH DATA ELEMENTS--GENERAL INFORMATION
fixed length control field
020 ## - INTERNATIONAL STANDARD BOOK NUMBER
International Standard Book Number 0073379492 (pbk. )
049 ## - LOCAL HOLDINGS (OCLC)
Holding library MAIN
090 ## - LOCALLY ASSIGNED LC-TYPE CALL NUMBER (OCLC); LOCAL CALL NUMBER (RLIN)
Classification number (OCLC) (R) ; Classification number, CALL (RLIN) (NR) HF5686.C7
Local cutter number (OCLC) ; Book number/undivided call number, CALL (RLIN) THI
003 - CONTROL NUMBER IDENTIFIER
control field
005 - DATE AND TIME OF LATEST TRANSACTION
control field 20230120133836.0
040 ## - CATALOGING SOURCE
Transcribing agency NUST
100 1# - MAIN ENTRY--PERSONAL NAME
Personal name Thibodeau, Jay C.
245 10 - TITLE STATEMENT
Title Auditing after Sarbanes-Oxley :
Remainder of title illustrative cases /
Statement of responsibility, etc. Jay C. Thibodeau and Deborah Freier.
250 ## - EDITION STATEMENT
Edition statement 2nd ed.
260 ## - PUBLICATION, DISTRIBUTION, ETC.
Place of publication, distribution, etc. Boston :
Name of publisher, distributor, etc. Mc-Graw Hill,
Date of publication, distribution, etc. 2009.
300 ## - PHYSICAL DESCRIPTION
Extent xvii, 260 p. :
Other physical details ill. ;
Dimensions 23 cm.
650 #1 - SUBJECT ADDED ENTRY--TOPICAL TERM
Topical term or geographic name entry element Corporations-accounting-corrupt practices-United States-Case studies.
700 ## - ADDED ENTRY--PERSONAL NAME
Personal name Freier, Deborah.
907 ## - LOCAL DATA ELEMENT G, LDG (RLIN)
a .b10286755
b 26-07-12
c 09-11-10
942 ## - ADDED ENTRY ELEMENTS (KOHA)
Koha item type Ordinary Loan Books
Call number prefix HF5686.C7
Call number suffix THI
Holdings
Date last seen Total Checkouts Full call number Barcode Cost, replacement price Price effective from Koha item type Lost status Source of classification or shelving scheme Damaged status Not for loan Collection Withdrawn status Home library Current library Shelving location Date acquired Cost, normal purchase price
01/20/2023 1 HF5686.C7 THI 92004015096 80.00 01/20/2023 BOOKS   LCC     NFIC   GSB GSB GEN 01/20/2023 80.00